[Event "Kimry Summer op"]
[Site "Kimry"]
[Date "2016.08.30"]
[Round "5"]
[White "Koshil, Tikhon Stepanovich"]
[Black "Bragin, Karl"]
[Result "1-0"]
[WhiteElo "1897"]
[BlackElo "1598"]
[PlyCount "107"]
[EventDate "2016.08.28"]
[EventType "swiss"]
[EventRounds "7"]
[EventCountry "RUS"]
[SourceTitle "CBM 174 Extra"]
[Source "ChessBase"]
[SourceDate "2016.10.10"]
[SourceVersion "1"]
[SourceVersionDate "2016.10.10"]
[SourceQuality "1"]

1. Nf3 Nf6 2. d4 d5 3. e3 Ne4 4. Bd3 e6 5. 0-0 Nc6 6. a3 Bd6 7. c4 Be7 8. Qc2 f5 9. b4 Bf6 10. Bb2 0-0 11. Rc1 Rf7 12. b5 Na5 13. c5 c6 14. a4 h6 15. Ne1 Bd7 16. f3 Ng5 17. Nd2 b6 18. Bc3 Nb7 19. Nb3 Rc8 20. Bb4 g6 21. Qd2 e5 22. Ra2 e4 23. Be2 exf3 24. gxf3 Nh3+ 25. Kf1 Bh4 26. Ng2 f4 27. exf4 Nxf4 28. Kg1 Nxg2 29. Kxg2 Bg5 30. Qe1 Bxc1 31. Qxc1 Qh4 32. Kh1 Kg7 33. Qg1 Re8 34. Qg3 Qe7 35. Bd3 Rf6 36. Re2 Qf8 37. bxc6 Rxc6 38. Rg2 Qf6 39. Bb5 Bf5 40. cxb6 axb6 41. Bd2 Rec8 42. Bf4 Qe7 43. Re2 Re6 44. Be5+ Kh7 45. h4 Na5 46. Nd2 Rc2 47. Rg2 Rc1+ 48. Kh2 Nc4 49. Nb3 Rc3 50. Bxc4 dxc4 51. Nd2 Rc2 52. Ne4 Rxg2+ 53. Kxg2 Rc6 54. d5 1-0

[Event "Nezhmetdinov Memorial 37th"]
[Site "Kazan"]
[Date "2015.06.03"]
[Round "4"]
[White "Yagupov, Igor"]
[Black "Koshil, Tikhon Stepanovich"]
[Result "1-0"]
[WhiteElo "2392"]
[BlackElo "1968"]
[PlyCount "57"]
[EventDate "2015.05.31"]
[EventType "swiss"]
[EventRounds "9"]
[EventCountry "RUS"]
[SourceTitle "CBM 166 Extra"]
[Source "ChessBase"]
[SourceDate "2015.06.18"]
[SourceVersion "1"]
[SourceVersionDate "2015.06.18"]
[SourceQuality "1"]

1. Nf3 Nf6 2. c4 c5 3. Nc3 Nc6 4. d4 cxd4 5. Nxd4 g6 6. e4 d6 7. Be2 Bg7 8. Be3 0-0 9. 0-0 Bd7 10. Qd2 Rc8 11. f3 a6 12. Rac1 h5 13. Rfd1 Kh7 14. Nxc6 Bxc6 15. b4 Bd7 16. c5 Ne8 17. f4 f6 18. f5 Bc6 19. Nd5 Nc7 20. fxg6+ Kxg6 21. Bxh5+ Kh7 22. Bg4 Nxd5 23. Bf5+ Kh8 24. Qf2 Rf7 25. exd5 Bd7 26. Qh4+ Kg8 27. Qh7+ Kf8 28. Bh6 Bxf5 29. Qh8# 1-0

[Event "Nezhmetdinov Memorial 37th"]
[Site "Kazan"]
[Date "2015.05.31"]
[Round "1"]
[White "Koshil, Tikhon Stepanovich"]
[Black "Kalegin, Evgenij"]
[Result "0-1"]
[WhiteElo "1968"]
[BlackElo "2460"]
[PlyCount "76"]
[EventDate "2015.05.31"]
[EventType "swiss"]
[EventRounds "9"]
[EventCountry "RUS"]
[SourceTitle "CBM 166 Extra"]
[Source "ChessBase"]
[SourceDate "2015.06.18"]
[SourceVersion "1"]
[SourceVersionDate "2015.06.18"]
[SourceQuality "1"]

1. Nf3 Nf6 2. g3 g6 3. Bg2 Bg7 4. 0-0 0-0 5. d3 c5 6. e4 Nc6 7. Nc3 d6 8. h3 Rb8 9. Nh4 b5 10. f4 b4 11. Ne2 Nd7 12. Kh2 Bb7 13. Qe1 a5 14. Rb1 Nd4 15. Nxd4 cxd4 16. Nf3 e5 17. Bd2 Qe7 18. Qf2 Rbc8 19. Be1 f5 20. exf5 gxf5 21. Rd1 Nf6 22. Nh4 Nd5 23. Bxd5+ Bxd5 24. Nf3 e4 25. dxe4 fxe4 26. Nxd4 e3 27. Qe2 Bc4 28. Qg2 e2 29. Nxe2 Bxe2 30. Qd5+ Kh8 31. Rf2 Bxd1 32. Qxd1 Rfe8 33. Bd2 Bxb2 34. f5 Bf6 35. Bf4 Qe1 36. Qf3 Bd4 37. Rg2 Rxc2 38. g4 Rxg2+ 0-1

[Event "Kolomna op-B"]
[Site "Kolomna"]
[Date "2012.10.01"]
[Round "8"]
[White "Koshil, Tikhon Stepanovich"]
[Black "Popelyshev, Igor Viktorovich"]
[Result "1/2-1/2"]
[WhiteElo "2051"]
[BlackElo "2071"]
[PlyCount "93"]
[EventDate "2012.09.27"]
[EventType "swiss"]
[EventRounds "9"]
[EventCountry "RUS"]
[SourceTitle "EXT 2013"]
[Source "ChessBase"]
[SourceDate "2012.11.22"]
[SourceVersion "1"]
[SourceVersionDate "2012.11.22"]
[SourceQuality "1"]

1. d4 d5 2. Nf3 Nf6 3. c4 c6 4. e3 e6 5. Nc3 Nbd7 6. cxd5 exd5 7. Bd3 Bd6 8. 0-0 0-0 9. Qc2 Re8 10. Rb1 Qe7 11. g3 Ne4 12. Kg2 Ndf6 13. Ng1 Bf5 14. f3 Nxc3 15. bxc3 Bxd3 16. Qxd3 b5 17. Bd2 h5 18. Rbe1 a5 19. Nh3 b4 20. c4 Qd7 21. c5 Bf8 22. Ng5 g6 23. e4 Bg7 24. e5 Nh7 25. Nxh7 Kxh7 26. f4 Qf5 27. Qxf5 gxf5 28. Rb1 Reb8 29. Rf3 Rb5 30. Rfb3 Rab8 31. Kf3 Bf8 32. h3 Kg6 33. Be1 Be7 34. Ke2 Bd8 35. Kd1 Bc7 36. Kc2 Bd8 37. Bd2 R8b7 38. R3b2 Rb8 39. Kb3 a4+ 40. Kc2 Ba5 41. Kd1 b3 42. a3 Bxd2 43. Kxd2 Rg8 44. Ke3 Kg7 45. Kf3 Kf8 46. Rg1 Ke7 47. Rgg2 1/2-1/2

[Event "Kolomna op-B"]
[Site "Kolomna"]
[Date "2012.09.28"]
[Round "3"]
[White "Lauda, Alexandr"]
[Black "Koshil, Tikhon Stepanovich"]
[Result "1/2-1/2"]
[WhiteElo "1991"]
[BlackElo "2051"]
[PlyCount "144"]
[EventDate "2012.09.27"]
[EventType "swiss"]
[EventRounds "9"]
[EventCountry "RUS"]
[SourceTitle "EXT 2013"]
[Source "ChessBase"]
[SourceDate "2012.11.22"]
[SourceVersion "1"]
[SourceVersionDate "2012.11.22"]
[SourceQuality "1"]

1. e4 Nf6 2. e5 Nd5 3. d4 d6 4. Nf3 Nc6 5. c4 Nb6 6. Nc3 g6 7. e6 fxe6 8. Ng5 e5 9. Bd3 Nxd4 10. Nxh7 Bf5 11. Bxf5 Nxf5 12. Ng5 Qd7 13. Qf3 c6 14. c5 dxc5 15. Be3 Nd5 16. g4 Nh6 17. 0-0-0 0-0-0 18. Bxc5 b6 19. Be3 Bg7 20. h3 e6 21. Qe4 Qe8 22. Qa4 Kb7 23. Nge4 Nf7 24. g5 Qe7 25. h4 Rd7 26. Qb3 Ka8 27. Qc4 Rc8 28. Qa6 Rb8 29. Kb1 Rdb7 30. h5 gxh5 31. Rxh5 Nd6 32. g6 Nf5 33. Bg5 Qb4 34. Rc1 Nd4 35. Bd2 Nxc3+ 36. Bxc3 Qb5 37. Qxb5 cxb5 38. Re1 a6 39. Nd6 Rd7 40. Nf7 Rg8 41. Rh7 Rd5 42. Rg1 Ne2 43. Rg4 Nxc3+ 44. bxc3 Rc5 45. Ng5 Rxc3 46. Nxe6 Rgc8 47. Rg1 Bf6 48. Rf7 Bh8 49. Rf8 Rxf8 50. Nxf8 Rf3 51. Ne6 Rxf2 52. g7 Bxg7 53. Rxg7 Kb8 54. Re7 Re2 55. Nd4 Re1+ 56. Kb2 e4 57. Kc3 Rc1+ 58. Nc2 b4+ 59. Kb2 Rh1 60. Nxb4 Rh2+ 61. Kb3 Rh3+ 62. Kc4 Ra3 63. Kd5 a5 64. Re8+ Kc7 65. Re7+ Kc8 66. Nc6 Rxa2 67. Rxe4 Rd2+ 68. Kc4 Kb7 69. Nd4 Ka6 70. Re7 Rd1 71. Re8 Rc1+ 72. Kb3 Rc5 1/2-1/2

[Event "RUS-ch Seniors"]
[Site "Odintsovo"]
[Date "2011.04.25"]
[Round "7"]
[White "Koshil, Tikhon Stepanovich"]
[Black "Kornilov, Anatoly Aleksandrov"]
[Result "1/2-1/2"]
[WhiteElo "2045"]
[BlackElo "2342"]
[PlyCount "24"]
[EventDate "2011.04.19"]
[EventType "swiss"]
[EventRounds "9"]
[EventCountry "RUS"]
[SourceTitle "CBM 142 Extra"]
[Source "ChessBase"]
[SourceDate "2011.06.27"]
[SourceVersion "1"]
[SourceVersionDate "2011.06.27"]
[SourceQuality "1"]

1. Nf3 c5 2. g3 g6 3. Bg2 Bg7 4. 0-0 e6 5. c4 Ne7 6. Nc3 0-0 7. e3 Nbc6 8. d4 cxd4 9. Nxd4 Nxd4 10. exd4 d5 11. cxd5 Nxd5 12. Nxd5 exd5 1/2-1/2

[Event "RSSU-18 op"]
[Site "Moscow"]
[Date "2009.10.29"]
[Round "8"]
[White "Geivondian, Arman"]
[Black "Koshil, Tikhon Stepanovich"]
[Result "1-0"]
[WhiteElo "1919"]
[BlackElo "2119"]
[PlyCount "167"]
[EventDate "2009.10.17"]
[EventType "swiss"]
[EventRounds "9"]
[EventCountry "RUS"]
[SourceTitle "EXT 2022"]
[Source "ChessBase"]
[SourceDate "2021.10.06"]
[SourceVersion "1"]
[SourceVersionDate "2021.10.06"]
[SourceQuality "1"]

1. e4 d6 2. d4 g6 3. Nc3 Bg7 4. Bc4 e6 5. Nf3 Ne7 6. Bg5 h6 7. Be3 Nd7 8. Qd2 b6 9. d5 e5 10. 0-0-0 Bb7 11. Rhe1 a6 12. Ng1 b5 13. Be2 Nf6 14. f4 exf4 15. Bxf4 Qd7 16. Bf3 b4 17. Nb1 g5 18. Qxb4 c5 19. dxc6 Nxc6 20. Qb6 gxf4 21. e5 0-0 22. Rxd6 Qe7 23. Bxc6 Bxc6 24. Qxc6 Ng4 25. Nf3 Ne3 26. Re2 Rac8 27. Qd7 Qxd7 28. Rxd7 Rc5 29. Rd4 Rfc8 30. Nc3 Nc4 31. Rxf4 Nxb2 32. Kxb2 Rxc3 33. Rb4 a5 34. Rb5 a4 35. Ra5 R3c4 36. Rb5 Bf8 37. Ne1 Rc3 38. Kb1 Ba3 39. Re4 Rd8 40. Ka1 Ra8 41. Rb7 Bc1 42. Kb1 Bg5 43. Nd3 Rac8 44. Re2 a3 45. Rb3 Rxb3+ 46. axb3 Be7 47. Ka2 Kf8 48. c4 Rd8 49. Ne1 Bc5 50. Nc2 Rb8 51. Rd2 Ke7 52. Rd5 Bg1 53. h3 Rg8 54. g4 h5 55. Kxa3 hxg4 56. hxg4 Rxg4 57. Nb4 Ke6 58. Nc6 Kf5 59. Nd8 Kg6 60. Rd7 Rf4 61. Ka4 Bh2 62. e6 fxe6 63. Nxe6 Rf1 64. c5 Kf6 65. Nd8 Rc1 66. b4 Bg1 67. Kb5 Bh2 68. Kb6 Bg1 69. Nb7 Ke6 70. Rd6+ Ke5 71. Rd3 Ke4 72. Rd2 Be3 73. Rd7 Ke5 74. b5 Ke6 75. Rd3 Bg1 76. Kc6 Ke5 77. Rd5+ Ke4 78. Nd6+ Kf3 79. b6 Rb1 80. b7 Bh2 81. Rd3+ Ke2 82. Ra3 Bf4 83. Ra5 Bxd6 84. cxd6 1-0

[Event "RSSU-18 op"]
[Site "Moscow"]
[Date "2009.10.18"]
[Round "2"]
[White "Elishev, Ivan"]
[Black "Koshil, Tikhon Stepanovich"]
[Result "1-0"]
[WhiteElo "2251"]
[BlackElo "2119"]
[PlyCount "155"]
[EventDate "2009.10.17"]
[EventType "swiss"]
[EventRounds "9"]
[EventCountry "RUS"]
[SourceTitle "EXT 2022"]
[Source "ChessBase"]
[SourceDate "2021.10.06"]
[SourceVersion "1"]
[SourceVersionDate "2021.10.06"]
[SourceQuality "1"]

1. e4 e5 2. Nf3 Nc6 3. Bc4 Be7 4. d4 d6 5. dxe5 dxe5 6. Qxd8+ Bxd8 7. Bb5 f6 8. Bxc6+ bxc6 9. Be3 Be6 10. Nbd2 Ne7 11. Nb3 Nc8 12. Na5 Bd7 13. Nd2 Nd6 14. f3 Be7 15. Ndb3 Kf7 16. Nc5 Be8 17. a4 a6 18. 0-0-0 Nc8 19. g3 Bd6 20. f4 Nb6 21. b3 Ke7 22. f5 g6 23. g4 Kf7 24. h4 h5 25. fxg6+ Kxg6 26. Rhg1 hxg4 27. Rxg4+ Kf7 28. Nab7 Bxc5 29. Nxc5 Nc8 30. Rdg1 Rh7 31. h5 Ke7 32. h6 Bf7 33. Rg7 Rxg7 34. hxg7 Nd6 35. Bd2 a5 36. Be1 Bg8 37. Kd2 Kf7 38. Ke3 Ne8 39. Nb7 Nxg7 40. Nxa5 c5 41. Nc4 Ne6 42. Rf1 Kg6 43. Rg1+ Kf7 44. Bh4 Nf4 45. Bg3 Ng6 46. Kd3 Kg7 47. Kc3 Kh6 48. Bf2 Nf4 49. Re1 Be6 50. Bxc5 Kg6 51. Be3 Rh8 52. Rg1+ Kf7 53. Bxf4 exf4 54. Rf1 Rh4 55. a5 Bc8 56. b4 Ba6 57. Rf2 Ke6 58. Kd4 Bxc4 59. Kxc4 Ke5 60. a6 Rh1 61. Kd3 Ra1 62. b5 Ra5 63. Rf1 Rxb5 64. Ra1 Rb8 65. a7 Ra8 66. Ra5+ Kd6 67. Ke2 Kc6 68. Kf3 Kb6 69. Ra1 Kc5 70. Kxf4 Kc4 71. Kf5 Kc3 72. Ra2 Kd4 73. Ra4+ Kc3 74. Ra5 c6 75. Kxf6 Kxc2 76. e5 Kd3 77. e6 Kd4 78. e7 1-0

[Event "RUS-ch Seniors"]
[Site "Lesnoj Gorodok"]
[Date "2009.10.09"]
[Round "7"]
[White "Solgalov, Victor"]
[Black "Koshil, Tikhon Stepanovich"]
[Result "1-0"]
[WhiteElo "2202"]
[BlackElo "2128"]
[PlyCount "99"]
[EventDate "2009.10.03"]
[EventType "swiss"]
[EventRounds "9"]
[EventCountry "RUS"]
[SourceTitle "CBM 132 Extra"]
[Source "ChessBase"]
[SourceDate "2009.11.03"]
[SourceVersion "1"]
[SourceVersionDate "2009.11.03"]
[SourceQuality "1"]

1. e4 d6 2. d4 g6 3. Bc4 Bg7 4. Nf3 e6 5. 0-0 Ne7 6. Nc3 0-0 7. Be3 h6 8. Qd2 Kh7 9. e5 d5 10. Bd3 b6 11. b4 a6 12. Ne2 Nd7 13. Ng3 Nf5 14. Nxf5 exf5 15. h4 Rh8 16. g3 Nf8 17. Kg2 Be6 18. Rh1 Kg8 19. a4 Nd7 20. a5 b5 21. Nh2 f6 22. f4 Qe7 23. Nf3 Re8 24. h5 fxe5 25. dxe5 g5 26. Nd4 gxf4 27. gxf4 Qf7 28. Rag1 Rh7 29. Kf1 Nf8 30. Qc3 Qd7 31. Qc6 Qxc6 32. Nxc6 Rh8 33. Nd4 Kf7 34. Nxf5 Rg8 35. Bc5 Nd7 36. Nxg7 Nxc5 37. bxc5 Rxg7 38. Bg6+ Rxg6 39. Rxg6 d4 40. Rf6+ Ke7 41. Rg1 b4 42. Ke1 Bc4 43. Rg7+ Kd8 44. Rxh6 d3 45. Kd2 dxc2 46. Kxc2 Be6 47. Rxe6 Rxe6 48. Kb3 Rh6 49. Rg5 Kd7 50. Kxb4 1-0

[Event "Vladimir op-A"]
[Site "Vladimir"]
[Date "2009.08.28"]
[Round "9"]
[White "Koshil, Tikhon Stepanovich"]
[Black "Abramova, Yulia"]
[Result "1-0"]
[WhiteElo "2128"]
[BlackElo "2005"]
[PlyCount "73"]
[EventDate "2009.08.19"]
[EventType "swiss"]
[EventRounds "9"]
[EventCountry "RUS"]
[SourceTitle "EXT 2010"]
[Source "ChessBase"]
[SourceDate "2010.11.25"]
[SourceVersion "1"]
[SourceVersionDate "2010.11.25"]
[SourceQuality "1"]

1. e4 e5 2. Nf3 Nf6 3. d3 Nc6 4. g3 Be7 5. Bg2 0-0 6. 0-0 d6 7. h3 h6 8. Re1 Be6 9. c4 Nh7 10. Nc3 Ng5 11. Nxg5 Bxg5 12. f4 exf4 13. gxf4 Bh4 14. Rf1 f5 15. Nd5 Kh7 16. Be3 Ne7 17. Qh5 Ng6 18. Qe2 c6 19. Nc3 Qd7 20. Kh2 b6 21. Rad1 Rae8 22. Qh5 Bd8 23. Rf2 Ne7 24. Rg1 g6 25. Qf3 fxe4 26. dxe4 Bxc4 27. Qg3 Rg8 28. Rd2 Qe6 29. b3 Ba6 30. Bf3 Bc7 31. Bg4 Qf6 32. Bd4 Qf7 33. Rf2 Bc8 34. Bxc8 Rxc8 35. Qh4 Rcf8 36. Rg4 c5 37. Qxh6+ 1-0

[Event "Rodatychi op"]
[Site "Rodatychi"]
[Date "2006.08.31"]
[Round "7"]
[White "Gordiyenko, Anna"]
[Black "Koshil, Tikhon Stepanovich"]
[Result "0-1"]
[WhiteElo "2040"]
[BlackElo "2229"]
[PlyCount "44"]
[EventDate "2006.08.27"]
[EventType "swiss"]
[EventRounds "9"]
[EventCountry "UKR"]
[SourceTitle "EXT 2008"]
[Source "ChessBase"]
[SourceDate "2007.11.25"]
[SourceVersion "1"]
[SourceVersionDate "2007.11.25"]
[SourceQuality "1"]

1. d4 Nf6 2. Nf3 b6 3. e3 Bb7 4. Bd3 e6 5. 0-0 Be7 6. Nbd2 d5 7. c3 0-0 8. Re1 Ne4 9. Qc2 f5 10. Ne5 c5 11. f3 Nf6 12. b3 Nc6 13. Nxc6 Bxc6 14. Bb2 Rc8 15. Rac1 Bd6 16. e4 fxe4 17. fxe4 Bf4 18. e5 Ne4 19. Bxe4 dxe4 20. Nxe4 cxd4 21. cxd4 Bxc1 22. Bxc1 Qxd4+ 0-1

[Event "Rodatychi op"]
[Site "Rodatychi"]
[Date "2006.08.31"]
[Round "8"]
[White "Koshil, Tikhon Stepanovich"]
[Black "Zubov, Alexander"]
[Result "0-1"]
[WhiteElo "2229"]
[BlackElo "2538"]
[PlyCount "76"]
[EventDate "2006.08.27"]
[EventType "swiss"]
[EventRounds "9"]
[EventCountry "UKR"]
[SourceTitle "EXT 2008"]
[Source "ChessBase"]
[SourceDate "2007.11.25"]
[SourceVersion "1"]
[SourceVersionDate "2007.11.25"]
[SourceQuality "1"]

1. Nf3 Nf6 2. g3 b6 3. Bg2 Bb7 4. 0-0 c5 5. c4 e6 6. Nc3 Be7 7. d3 0-0 8. e4 d6 9. Nh4 Nfd7 10. Nf3 Ne5 11. Ne1 Nec6 12. f4 Nd4 13. Nc2 a6 14. Nxd4 cxd4 15. Ne2 e5 16. Bd2 Nd7 17. a4 a5 18. f5 Nc5 19. Nc1 Bg5 20. h4 Bxd2 21. Qxd2 f6 22. b3 Bc6 23. Qd1 g6 24. g4 Kh8 25. Ra2 gxf5 26. gxf5 Rg8 27. Kh2 Qf8 28. Qd2 Rg4 29. Bh3 Rxh4 30. Rg1 Bxe4 31. dxe4 Nxe4 32. Qd3 Ng5 33. Rg3 Qh6 34. Rag2 e4 35. Qc2 Rxh3+ 36. Rxh3 Qxh3+ 37. Kg1 Nf3+ 38. Kf1 Qh1+ 0-1

[Event "Rodatychi op"]
[Site "Rodatychi"]
[Date "2006.08.28"]
[Round "2"]
[White "Koshil, Tikhon Stepanovich"]
[Black "Gorbatov, Alexej"]
[Result "0-1"]
[WhiteElo "2229"]
[BlackElo "2387"]
[PlyCount "78"]
[EventDate "2006.08.27"]
[EventType "swiss"]
[EventRounds "9"]
[EventCountry "UKR"]
[SourceTitle "EXT 2008"]
[Source "ChessBase"]
[SourceDate "2007.11.25"]
[SourceVersion "1"]
[SourceVersionDate "2007.11.25"]
[SourceQuality "1"]

1. d4 a6 2. Nf3 Nf6 3. Bf4 g6 4. e3 Bg7 5. Be2 d6 6. h3 Nbd7 7. Nc3 b5 8. a3 Bb7 9. Qd2 0-0 10. 0-0 c5 11. Rad1 Rc8 12. Bh2 Nb6 13. Qe1 cxd4 14. Nxd4 Nc4 15. Rb1 Qc7 16. a4 e5 17. Nb3 bxa4 18. Bxc4 Qxc4 19. Na5 Qb4 20. Nxb7 Qxb7 21. Qd2 Qb4 22. Qd3 Rc6 23. Rfd1 Rb8 24. Na2 Qb5 25. Qxb5 Rxb5 26. c3 a5 27. Kf1 Kf8 28. Ke2 Ke7 29. f3 Ke6 30. e4 d5 31. exd5+ Nxd5 32. g3 Nb6 33. Kd2 Nc4+ 34. Kc1 Rcb6 35. Bg1 Rb8 36. Kc2 Rxb2+ 37. Rxb2 Rxb2+ 38. Kd3 Kd5 39. Nc1 f5 0-1